[Event "Potsdam Christmas 34th"]
[Site "Potsdam"]
[Date "2009.12.28"]
[Round "3.23"]
[White "Kliem, Helmut"]
[Black "Krueger, Kay"]
[Result "1-0"]
[WhiteElo "1846"]
[BlackElo "1502"]
[PlyCount "43"]
[EventDate "2009.12.27"]
[EventType "swiss"]
[EventRounds "7"]
[EventCountry "GER"]
[SourceTitle "EXT 2022"]
[Source "ChessBase"]
[SourceDate "2021.10.06"]
[SourceVersion "1"]
[SourceVersionDate "2021.10.06"]
[SourceQuality "1"]

1. e4 c5 2. Nf3 d6 3. d4 cxd4 4. Nxd4 a6 5. Nc3 e6 6. Be3 Be7 7. Qd2 Nf6 8. f3 0-0 9. 0-0-0 Nbd7 10. g4 b5 11. Nc6 Qe8 12. Nxe7+ Qxe7 13. Qxd6 Qxd6 14. Rxd6 Ne5 15. Be2 Bb7 16. Rhd1 Rac8 17. Kb1 b4 18. Na4 Nfxg4 19. fxg4 Bxe4 20. R1d2 Nc4 21. Bxc4 Rxc4 22. R6d4 1-0